Library of the University of Algiers 3
Ibrahim Sultan Cheibout
شعار جامعة الجزائر 3
مكتبة جامعة الجزائر 3
إبراهيم سلطان شيبوط

تنفيذ القانون الدولي الإنساني / (رقم التسجيلة. 42769)

تفاصيل مارك
000 -LEADER
fixed length control field 01765nam a2200229Ia 4500
003 - CONTROL NUMBER IDENTIFIER
control field Ost
005 - DATE AND TIME OF LATEST TRANSACTION
control field 20260507075059.0
008 - FIXED-LENGTH DATA ELEMENTS--GENERAL INFORMATION
fixed length control field 260507s9999||||xx |||||||||||||| ||und||
020 ## - INTERNATIONAL STANDARD BOOK NUMBER
International Standard Book Number 7394804977
040 ## - CATALOGING SOURCE
Transcribing agency fsecg
041 ## - LANGUAGE CODE
Language code of text/sound track or separate title ara
082 ## - DEWEY DECIMAL CLASSIFICATION NUMBER
Classification number 341
100 ## - MAIN ENTRY--PERSONAL NAME
Personal name جويلي، سعيد سالم
Relator term مؤلف
245 #0 - TITLE STATEMENT
Title تنفيذ القانون الدولي الإنساني /
Statement of responsibility, etc. سعيد سالم جويلي
260 ## - PUBLICATION, DISTRIBUTION, ETC.
Place of publication, distribution, etc. القاهرة:
Name of publisher, distributor, etc. دار النهضة العربية,
Date of publication, distribution, etc. 2003
300 ## - PHYSICAL DESCRIPTION
Extent 259 صفحة؛
Dimensions 24 سم
504 ## - BIBLIOGRAPHY, ETC. NOTE
Bibliography, etc. note ببليوغرافيا ص.245
520 ## - SUMMARY, ETC.
Summary, etc. وسائل تنفيذ القانون الدولي الإنساني،وسائل المنع أو الوقاية،وسائل الإشراف والمراقبة،وسائل القمع،وسائل أخرى من أجل تنفيذ القانون الدولي الإنساني،تنفيذ القانون الدولي الإنساني في المنازعات المسلحة غير الدولية،المسؤولية الدولية الجنائية عن انتهاك القانون الدولي الانساني،مفهوم المسؤولية الدولية الجنائية،الطبيعة القانونية لانتهاكات القانون الدولي الانساني،اختصاص القضاء الجنائي الدولي بتنفيذ القانون الدولي الانساني،مفهوم الاختصاص في القانون الدولي الجنائي،اختصاص المحاكم الجنائية الدولية بتنفيذ القانون الدولي الانساني،الجوانب القانونية الرئيسية للمحكمة الجنائية الدولية
653 ## - INDEX TERM--UNCONTROLLED
Uncontrolled term القانون الدولي
653 ## - INDEX TERM--UNCONTROLLED
Uncontrolled term حقوق الانسان
942 ## - ADDED ENTRY ELEMENTS (KOHA)
Koha item type كتب
المقتنيات
Withdrawn status Lost status Source of classification or shelving scheme Damaged status Not for loan Home library Current library Date acquired Serial enumeration / chronology Inventory number Total checkouts Full call number Barcode Date last seen Price effective from Koha item type
    Dewey Decimal Classification   NOT LOAN / إعارة داخلية مكتبة كلية العلوم الإقتصادية والعلوم التجارية وعلوم التسيير مكتبة كلية العلوم الإقتصادية والعلوم التجارية وعلوم التسيير 07/05/2026 الطابق الأرضي 1053/1   أ/1053ن1 1053/1 07/05/2026 07/05/2026 كتب
    Dewey Decimal Classification   Available مكتبة كلية العلوم الإقتصادية والعلوم التجارية وعلوم التسيير مكتبة كلية العلوم الإقتصادية والعلوم التجارية وعلوم التسيير 07/05/2026 الطابق الأرضي 1053/2   أ/1053ن2 1053/2 07/05/2026 07/05/2026 كتب
    Dewey Decimal Classification   Available مكتبة كلية العلوم الإقتصادية والعلوم التجارية وعلوم التسيير مكتبة كلية العلوم الإقتصادية والعلوم التجارية وعلوم التسيير 07/05/2026 الطابق الثاني 1053/3   أ/1053ن3 1053/3 07/05/2026 07/05/2026 كتب
    Dewey Decimal Classification   Available مكتبة كلية العلوم الإقتصادية والعلوم التجارية وعلوم التسيير مكتبة كلية العلوم الإقتصادية والعلوم التجارية وعلوم التسيير 07/05/2026 الطابق الثاني 1053/4   أ/1053ن4 1053/4 07/05/2026 07/05/2026 كتب

موارد الويب المفتوحة


© University of Algiers 3 All Rights Reserved
|
Implemented by LECHELAH Riad